La epistemología del espacio

محفوظ في:
التفاصيل البيبلوغرافية
المؤلفون الرئيسيون: Bang, Vinh (مؤلف), Greco, P (مؤلف), Grize, J. B (مؤلف), Hatwell, Y (مؤلف), Piaget, Jean (مؤلف), Seagrim, G. N (مؤلف), Vurpillot, Eliane (مؤلف)
التنسيق: كتاب
اللغة:الإسبانية
منشور في: Buenos Aires El Ateneo 1971
سلاسل:Biblioteca Nuevas orientaciones de la educación. Estudios de epistemología genética
الموضوعات:
الوسوم: إضافة وسم
لا توجد وسوم, كن أول من يضع وسما على هذه التسجيلة!

MARC

LEADER 00000nam a2200000 a 4500
001 UCY6943
003 CL-VaPUC
008 950602e19710000AG |||||||||||||||||spa|d
082 0 4 |a 121  |b BAN  |2 21 
100 0 |a Bang, Vinh  |e author  |9 337158 
700 0 |a Greco, P  |e author  |9 337159 
700 0 |a Grize, J. B  |e author  |9 337160 
700 0 |a Hatwell, Y  |e author  |9 337161 
700 0 |a Piaget, Jean  |e author  |9 308149 
700 0 |a Seagrim, G. N  |e author  |9 337162 
700 0 |a Vurpillot, Eliane  |e author  |9 337163 
245 1 3 |a La epistemología del espacio 
300 |a 289 p 
942 |c BK 
945 |d 19950602 00:00:00  |a cmena 
260 |a Buenos Aires  |b El Ateneo  |c 1971 
650 0 |a Epistemología   |9 264994 
650 0 |a Desarrollo mental   |9 313003 
650 0 |a Intuición  |9 333290 
650 0 |a Procesos mentales superiores  |9 330839 
650 7 |a PERCEPCION ESPACIAL  |2 CL-VaPUC  |9 309386 
650 0 |a Métodos de investigación   |9 262618 
583 |a last modification  |c 19950602 00:00:00  |k Rodrigo Vera 
490 0 |a Biblioteca Nuevas orientaciones de la educación. Estudios de epistemología genética 
999 |c 234422  |d 234420 
952 |0 0  |1 0  |4 0  |6 121_000000000000000_BAN_1971  |7 0  |8 P  |9 240655  |a BIBEDU  |b BIBEDU  |c BIBEDU_PB  |d 2019-11-18  |i 1515098  |o 121 BAN 1971  |p 1515098  |r 2024-01-25  |w 2019-11-18  |y BK  |k EDU 
952 |0 0  |1 0  |4 0  |6 121_000000000000000_BAN_1971  |7 0  |8 P  |9 240656  |a BIBEDU  |b BIBEDU  |c BIBEDU_PB  |d 2019-11-18  |i 1515055  |o 121 BAN 1971  |p 1515055  |r 2024-01-25  |w 2019-11-18  |y BK  |k EDU 
952 |0 0  |1 0  |4 0  |6 121_000000000000000_BAN_1971  |7 0  |8 P  |9 240657  |a BIBEDU  |b BIBEDU  |c BIBEDU_PB  |d 2019-11-18  |i 156126K  |o 121 BAN 1971  |p 156126K  |r 2024-01-25  |w 2019-11-18  |y BK  |k EDU 
952 |0 0  |1 0  |4 0  |6 121_000000000000000_BAN_1971  |7 0  |8 A  |9 240659  |a FDOPOS  |b FDOPOS  |d 2019-11-18  |i 3691187  |o 121 BAN 1971  |p 3691187  |r 2025-01-22  |w 2019-11-18  |y BK  |k MLA